000 01606cam a2200193 a 4500
999 _c3039
_d3039
020 _a0939246341 :
050 0 0 _aHD66
_b.L56 1993
100 1 _aLipnack, Jessica.
245 1 4 _aThe teamNet factor :
_bbringing the power of boundary crossing into the heart of your business /
_cJessica Lipnack & Jeffrey Stamps.
260 _aEssex Junction, VT :
_bOliver Wight Publications,,
_cc1993.
300 _axxix, 414 p. :
_bill. ;
_c24 cm.
500 _aIncludes index
505 _aCh. 1. Teamnets: The Great Competitive Advantage of Boundary Crossing -- Ch. 2. Seeing the Obvious: Five Teamnet Principles -- Ch. 3. Linoleum, Furniture, and Electrical Systems: Three Different Boundary Crossing Teamnets -- Ch. 4. In It Together: Crossing Boundaries in Groups -- Ch. 5. Inside-Out Teamnets: Crossing Enterprise Boundaries Fortune 500-Style -- Ch. 6. Small Giants: How Grass-Roots Companies Compete with Global Corporations -- Ch. 7. Instead of Layoffs: Saving, Improving, and Creating Jobs -- Ch. 8. Quick Start: Getting Your Teamnet to Click -- Ch. 9. Launching Teamnets: Taking Off by Thinking It Through -- Ch. 10. Those That Do, Plan: Bringing Discipline to Teamnets -- Ch. 11. Rascals in Paradise: Why Teamnets Fail -- Ch. 12. Fighting Fire with Organization: Summing It All Up -- Afterword. "The Risk of Democracy": Teamnets as the Hope for the 21st Century -- Reference Section. Transforming Bureaucracies and Systems.
650 0 _aTeams in the workplace.
650 0 _aInterorganizational relations.
650 0 _aStrategic alliances (Business)
700 1 _aStamps, Jeffrey.
942 _cBK